|
|
|
|
| LEADER |
00000nam0a2200000 4500 |
| 001 |
194896 |
| 005 |
20231031182514.0 |
| 010 |
|
|
|a 9785412002484
|
| 010 |
|
|
|a 978-5-386-02632-5
|
| 035 |
|
|
|a (RuTPU)RU\TPU\book\212573
|
| 035 |
|
|
|a RU\TPU\book\191528
|
| 090 |
|
|
|a 194896
|
| 100 |
|
|
|a 20110426d2011 m y0rusy50 ca
|
| 101 |
1 |
|
|a rus
|c fre
|
| 102 |
|
|
|a RU
|
| 105 |
|
|
|a y z 000ay
|
| 200 |
1 |
|
|a Зеркало Кассандры
|e роман
|e пер. с фр.
|f Б. Вербер
|
| 210 |
|
|
|a Москва
|c РИПОЛ классик
|c Кэпитал Трейд Компани
|d 2011
|
| 215 |
|
|
|a 576 с.
|
| 330 |
|
|
|a Ей всего семнадцать. Она ничего не знает о своем прошлом. Ее зовут Кассандра. Она обладает даром предвидения. Она уверена, что может спасти человечество. Для этого надо всего лишь... придумать счастливое будущее. Это книга о том, как жизнь меняет человека, и о том, что каждый может изменить жизнь. Вербер, которого вы еще не знали.
|
| 610 |
1 |
|
|a французская литература
|
| 610 |
1 |
|
|a роман
|
| 610 |
1 |
|
|a проза
|
| 675 |
|
|
|a 84
|v 3
|
| 700 |
|
1 |
|a Вербер
|b Б.
|g Бернар
|
| 801 |
|
1 |
|a RU
|b 63413507
|c 20100303
|
| 801 |
|
2 |
|a RU
|b 63413507
|c 20110504
|g RCR
|
| 942 |
|
|
|c BK
|